ბათუმის შოთა რუსთაველის სახელმწიფო უნივერსიტეტის ბიბლიოთეკა

Растениеводство.Растения полевой культуры (ბიბ.ჩანაწერი № 45654)

000 -LEADER
fixed length control field 00716nam a2200229Ia 4500
001 - CONTROL NUMBER
control field 12480
003 - CONTROL NUMBER IDENTIFIER
control field GE_BSU
008 - FIXED-LENGTH DATA ELEMENTS--GENERAL INFORMATION
fixed length control field 181216s||||||||xx |||||||||||||| ||und||
040 ## - CATALOGING SOURCE
Transcribing agency GE_BSU
080 ## - UNIVERSAL DECIMAL CLASSIFICATION NUMBER
Universal Decimal Classification number 633(075.8)
100 ## - MAIN ENTRY--PERSONAL NAME
Personal name Якушин,И.В.
245 ## - TITLE STATEMENT
Title Растениеводство.Растения полевой культуры
245 ## - TITLE STATEMENT
Remainder of title Уч-к для высш. сельхоз учебн. завед.
245 ## - TITLE STATEMENT
Statement of responsibility, etc. Ред.М.И.Долгополов
250 ## - EDITION STATEMENT
Edition statement 2-ое дополн.и перераб.
260 ## - PUBLICATION, DISTRIBUTION, ETC.
Place of publication, distribution, etc. Москва
260 ## - PUBLICATION, DISTRIBUTION, ETC.
Name of publisher, distributor, etc. Госсельхозиздат
260 ## - PUBLICATION, DISTRIBUTION, ETC.
Date of publication, distribution, etc. 1953
300 ## - PHYSICAL DESCRIPTION
Extent 714стр.илл.27см.
653 ## - INDEX TERM--UNCONTROLLED
Uncontrolled term Растениеводство
942 ## - ADDED ENTRY ELEMENTS (KOHA)
Koha item type წიგნი
ეგზემპლარები
Withdrawn status Lost status Damaged status Not for loan Date acquired Barcode Date last seen Price effective from Koha item type
        2018-12-17 20707 2018-12-17 2018-12-17 წიგნი